00439nam a22001337a 4500008004100000020001500041040001500056050003200071245006600103246006000169260003400229300001600263650002600279191123b xxu||||| |||| 00| 0 eng d a8176254436 aKABUcKABU aLA217b.P76 2008 v. 10 c. 1 aThe educational thought of Percival R. ColecPercival R. Cole aProphets of education (a continuing series) volume - 10 aNew DelhibSarup & Sonsc2008 avii, 334 p. aEducationxPhilosophy